000 00712nam a2200205Ii 4500
003 JO-AjNU
008 230605s9999||||xx |||||||||||||| ||und||
017 _a2012/10/3681
040 _aJO-AjNU
_bara
_erda
_cJO-AjNU
041 _aara
050 1 4 _aKMM205.A29.2013
100 3 _aالزعبي، تيسير أحمد,
_eauthor
_949990
245 0 0 _aموسوعة الاردن القانونية : مجموعة التشريعات الحقوقية
264 3 1 _aعمان: تيسير أحمد الزعبي، 2013
300 _a375ص
336 _atext
_btxt
_2rdacontent
337 _aunmediated
_bn
_2rdamedia
338 _avolume
_bnc
_2rdacarrier
650 4 _aالقانون المدني -- الاردن
_949991
999 _aA21992
_c25560
_d25560